000 00557nam a2200181Ia 4500
003 GCL
005 20240530105052.0
008 140319s9999 xx 000 0 ara d
040 _aGCL /
_cGCL
082 0 4 _a953.09001 \
_bم ت
100 1 _aمحمود الشرقاوى
245 1 0 _aالتفسير الدينى للتاريخ /
_cمحمود الشرقاوى
260 _a[S.N] :
_bدار الشعب للطباعة والنشر
300 _a271 ص
490 _aكتاب الشعب
_v0
650 0 4 _aالتاريخ الاسلامى
942 _2ddc
_cBK
999 _c52901
_d52901